[Event "CRO-chT2 Center"]
[Site "Croatia"]
[Date "2011.03.20"]
[Round "1.45"]
[White "Vodopija, Goran"]
[Black "Tomasic, Roland"]
[Result "1-0"]
[WhiteElo "2137"]
[BlackElo "2131"]
[PlyCount "120"]
[EventDate "2011.03.20"]
[EventType "team-tourn"]
[EventRounds "11"]
[EventCountry "CRO"]
[SourceTitle "EXT 2014"]
[Source "ChessBase"]
[SourceDate "2013.11.20"]
[SourceVersion "1"]
[SourceVersionDate "2013.11.20"]
[SourceQuality "1"]

1. e4 c5 2. Nf3 d6 3. d4 cxd4 4. Nxd4 Nf6 5. Nc3 e6 6. Bc4 Nc6 7. Bb3 Be7 8. 0-0 0-0 9. Kh1 Bd7 10. f4 Nxd4 11. Qxd4 Bc6 12. f5 e5 13. Qd3 b5 14. Bg5 b4 15. Bxf6 Bxf6 16. Nd5 Bxd5 17. Bxd5 Rc8 18. a3 Qb6 19. axb4 Qxb4 20. Bb3 Rc7 21. Ra6 Rd8 22. Qd5 Qd4 23. Rd1 Qxd5 24. Rxd5 Be7 25. Kg1 Rb8 26. Kf2 Kf8 27. Ke2 Rb6 28. Ra2 h5 29. Rda5 Rbb7 30. Kd3 g6 31. fxg6 fxg6 32. Bd5 Rb6 33. b3 Kg7 34. Rxa7 Rxa7 35. Rxa7 Kf6 36. c3 h4 37. h3 Rb8 38. b4 Rb6 39. Kc4 Rb8 40. b5 Rc8+ 41. Kd3 Rb8 42. c4 Rf8 43. Rd7 Rd8 44. Ra7 Rf8 45. b6 Rb8 46. b7 Bd8 47. Ra1 Kg5 48. Rf1 Bb6 49. Kc3 Rd8 50. Kb4 Bc7 51. Kb5 Bb8 52. Kc6 Rh8 53. Be6 Re8 54. Bd7 Rh8 55. Ra1 Kf4 56. Ra8 Kxe4 57. Bc8 Kd4 58. Rxb8 e4 59. Ra8 Rh5 60. b8Q Rc5+ 1-0

[Event "CRO-chT2 Center"]
[Site "Zagreb"]
[Date "2010.10.17"]
[Round "9.24"]
[White "Kliska, Predrag"]
[Black "Vodopija, Goran"]
[Result "1-0"]
[WhiteElo "2114"]
[BlackElo "2146"]
[PlyCount "101"]
[EventDate "2010.03.21"]
[EventType "team-tourn"]
[EventRounds "11"]
[EventCountry "CRO"]
[SourceTitle "EXT 2012"]
[Source "ChessBase"]
[SourceDate "2011.11.24"]
[SourceVersion "1"]
[SourceVersionDate "2011.11.24"]
[SourceQuality "1"]

1. c4 Nf6 2. Nf3 g6 3. g3 Bg7 4. Bg2 0-0 5. 0-0 d5 6. cxd5 Nxd5 7. Nc3 Nxc3 8. dxc3 c5 9. Qxd8 Rxd8 10. Be3 Na6 11. Nd2 Rb8 12. Nb3 b6 13. Rfd1 Bg4 14. Kf1 Bf5 15. Ke1 Kf8 16. Rd2 Nc7 17. Rad1 Rxd2 18. Rxd2 e5 19. Nxc5 Ke7 20. Nb3 Be6 21. Nc1 Nb5 22. Bd5 Bf5 23. a4 Nd6 24. f3 Rc8 25. a5 bxa5 26. Bxa7 Nc4 27. Bxc4 Rxc4 28. e4 Be6 29. Be3 a4 30. Nd3 Bd7 31. Bc5+ Ke8 32. Ba3 f5 33. exf5 gxf5 34. Nxe5 Bxe5 35. Re2 Kf7 36. Rxe5 Be6 37. Rc5 Kf6 38. Rxc4 Bxc4 39. Kf2 Ke5 40. Ke3 h5 41. Bf8 f4+ 42. gxf4+ Kf5 43. h4 Bf1 44. Bh6 Bb5 45. Bg5 Bc4 46. Kd4 Be2 47. Kc5 Bxf3 48. Kb5 Bd1 49. c4 Ke6 50. Kb6 Bc2 51. c5 1-0